书目信息 |
| 题名: |
第三届国际未来智能对地观测会议文集
|
|
| 作者: | 王超 , 金 , 严冬梅 编著 | |
| 分册: | ||
| 出版信息: | 北京 科学出版社 2007.09 |
|
| 页数: | 639页 | |
| 开本: | 29cm | |
| 丛书名: | ||
| 单 册: | ||
| 中图分类: | TP18 | |
| 科图分类: | ||
| 主题词: | 人工智能--ren gong zhi neng--理论 | |
| 电子资源: | ||
| ISBN: | 978-7-03-019402-2 | |
| 000 | 01326nam0 2200289 450 | |
| 001 | 012008797979 | |
| 005 | 20080421093223.07 | |
| 010 | @a978-7-03-019402-2@dCNY200.00 | |
| 100 | @a20080419d2007 em y0chiy0120 ea | |
| 101 | 0 | @aeng |
| 102 | @aCN@b110000 | |
| 105 | @aa z 000yy | |
| 106 | @ar | |
| 200 | 1 | @a第三届国际未来智能对地观测会议文集@Adi san jie guo ji wei lai zhi neng dui di guan ce hui yi wen ji@d= Proceedings of the third international symposium on future intelligent earth observation satellites@fWang Chao ... [等] Edited@FWang Chao...[deng]Edited@zeng |
| 210 | @a北京@c科学出版社@d2007.09 | |
| 215 | @a639页@c图@d29cm | |
| 304 | @a题名页题: Edited by Wang Chao, Roger King, Yan Dongmei, Zhou Guoqing | |
| 314 | @a责任者Wang Chao规范汉译名: 王超; 责任者King规范汉译姓: 金; 责任者Yan Dongmei规范汉译名: 严冬梅 | |
| 330 | @a本书内容涉及未来对地观测领域的发展、新型卫星平台技术、新型传感器技术及中国对地观测与导航技术。 | |
| 510 | 1 | @aProceedings of the third international symposium on future intelligent earth observation satellites@zeng |
| 606 | 0 | @a人工智能@Aren gong zhi neng@x理论 |
| 690 | @aTP18@v4 | |
| 701 | 0 | @a王超@Awang chao@4编著 |
| 701 | 1 | @a金@Ajin@g(King, Roger)@4编著 |
| 701 | 0 | @a严冬梅@Ayan dong mei@4编著 |
| 801 | 0 | @aCN@bQSSK@c20080421 |
| 905 | @b293858@dTP18@eW136@f1 | |
| 第三届国际未来智能对地观测会议文集= Proceedings of the third international symposium on future intelligent earth observation satellites/Wang Chao ... [等] Edited.-北京:科学出版社,2007.09 |
| 639页:图;29cm |
| ISBN 978-7-03-019402-2:CNY200.00 |
| 本书内容涉及未来对地观测领域的发展、新型卫星平台技术、新型传感器技术及中国对地观测与导航技术。 |
| ● |
| 相关链接 |
|
|
|
正题名:第三届国际未来智能对地观测会议文集
索取号:TP18/W136
 
预约/预借
| 序号 | 登录号 | 条形码 | 馆藏地/架位号 | 状态 | 备注 |
| 1 | 293858 | 202938580 | 自科库301/301自科库 102排4列2层/ [索取号:TP18/W136] | 在馆 |